[Event "FSS KM Mester"]
[Site "?"]
[Date "2006.04.05"]
[Round "10"]
[White "Ludvigsen, Jan (FSS)"]
[Black "Sæther, Steinar (FSS)"]
[Result "1/2-1/2"]
[WhiteElo "1643"]
[BlackElo "1636"]
[PlyCount "100"]

1. d4 Nf6 2. e3 d5 3. Bd3 c5 4. c3 Nc6 5. Nf3 e6 6. Nbd2 Be7 7. O-O O-O 8. Ne5
Nxe5 9. dxe5 Nd7 10. f4 f5 11. exf6 Nxf6 12. g4 e5 13. g5 Ne8 14. Bc2 Bf5 15.
Nf3 Bxc2 16. Qxc2 exf4 17. exf4 Qd7 18. Qg2 Nd6 19. Ne5 Qe6 20. Re1 Ne4 21. Nd3
Qf5 22. Nf2 Bd6 23. Nxe4 dxe4 24. Rxe4 Rae8 25. Rxe8 Rxe8 26. Bd2 b6 27. Qf3
Rf8 28. Rf1 Bb8 29. Be3 Re8 30. Rd1 Rf8 31. Rf1 Re8 32. Bc1 Rf8 33. Qe2 Qd5 34.
a3 Qf5 35. Qf3 Bc7 36. Kh1 Bb8 37. Rd1 Qe6 38. Kg2 Qf5 39. Kg3 Qxg5+ 40. Qg4
Qf6 41. h4 Bd6 42. Qg5 Qe6 43. Qd5 Qxd5 44. Rxd5 Bb8 45. Kg4 Re8 46. h5 Kf7 47.
Rd7+ Re7 48. Rxe7+ Kxe7 49. Kf5 Kf7 50. Be3 Bc7 1/2-1/2

[Event "FSS KM A-klassen"]
[Site "?"]
[Date "2006.02.01"]
[Round "3"]
[White "Johansen, Bjørn Berg (FSS)"]
[Black "Kristensen, Anders (FSS)"]
[Result "0-1"]
[WhiteElo "1192"]
[BlackElo "1194"]
[PlyCount "60"]

1. e4 c5 2. Bc4 e6 3. Nc3 Nc6 4. Nf3 a6 5. a3 Qc7 6. d3 Nf6 7. Ne2 b5 8. Ba2
Bb7 9. Bd2 Be7 10. O-O O-O 11. Bg5 Ng4 12. Bxe7 Nxe7 13. h3 Ne5 14. Ng3 d5 15.
Nxe5 Qxe5 16. c3 dxe4 17. dxe4 Rad8 18. Qc2 Ng6 19. Rad1 h5 20. Bb1 h4 21. Ne2
f5 22. exf5 Rxd1 23. Qxd1 exf5 24. Qd2 Re8 25. Re1 Nf4 26. Qd7 Nxe2+ 27. Rxe2
Qxe2 28. Qxf5 Qe1+ 29. Kh2 Qe5+ 30. Qxe5 Rxe5 0-1

[Event "FSS KM A-klassen"]
[Site "?"]
[Date "2006.02.08"]
[Round "4"]
[White "Fredriksen, Frank (FSS)"]
[Black "Kristoffersen, Håkon (FSS)"]
[Result "1-0"]
[WhiteElo "1327"]
[BlackElo "1507"]
[PlyCount "63"]

1. e4 c6 2. Nf3 d5 3. e5 Bg4 4. d4 e6 5. h3 Bf5 6. Bd3 Bxd3 7. Qxd3 Qb6 8. O-O
Nd7 9. Nc3 Ne7 10. Be3 Nf5 11. b3 a6 12. a4 c5 13. Nxd5 Qc6 14. Nc3 cxd4 15.
Nxd4 Nxd4 16. Bxd4 Rd8 17. Qe3 Be7 18. Rad1 O-O 19. Ne4 Kh8 20. Nd6 Bxd6 21.
exd6 Qxc2 22. Rd3 e5 23. Bc3 Rfe8 24. Rc1 Qxb3 25. Ba5 Qxa4 26. Bxd8 Rxd8 27.
Rdc3 h6 28. Rc8 Rxc8 29. Rxc8+ Kh7 30. Qf3 Nf6 31. Qf5+ g6 32. Qxf6 1-0

[Event "FSS KM A-klassen"]
[Site "?"]
[Date "2006.02.08"]
[Round "4"]
[White "Nilsen, Per Hartvig (FSS)"]
[Black "Helgesen, Jack"]
[Result "1-0"]
[WhiteElo "1555"]
[BlackElo "1142"]
[PlyCount "84"]

1. e4 e5 2. Nf3 Nc6 3. Bc4 Nf6 4. Ng5 d5 5. exd5 Nxd5 6. Nxf7 Kxf7 7. Qf3+ Ke8
8. Bxd5 Qf6 9. Bxc6+ bxc6 10. Qxf6 gxf6 11. Nc3 Ba6 12. d3 Rg8 13. O-O Rd8 14.
Be3 c5 15. Ne4 Kf7 16. Nxc5 Bxc5 17. Bxc5 Bb7 18. f3 a6 19. Rf2 f5 20. Re1 Ke6
21. Bb4 Kd5 22. Kf1 f4 23. Rfe2 Rde8 24. c4+ Kd4 25. Rd1 Rg5 26. Bc3+ Kc5 27.
b4+ Kd6 28. Rde1 a5 29. a4 axb4 30. Bxb4+ c5 31. Bc3 Reg8 32. Bxe5+ Kd7 33.
Bxf4 R5g6 34. Re7+ Kc8 35. Rc7+ Kb8 36. Rxc5+ Ka8 37. Bg3 h5 38. Rxh5 Rd8 39.
d4 Rc6 40. Ra5+ Ba6 41. d5 Rb6 42. Bc7 Rdd6 1-0

[Event "FSS KM A-klassen"]
[Site "?"]
[Date "2006.02.08"]
[Round "4"]
[White "Groot, Peter (FSS)"]
[Black "Mordt, Camillo (FSS)"]
[Result "1-0"]
[WhiteElo "1499"]
[BlackElo "1407"]
[PlyCount "71"]

1. c4 Nf6 2. e3 c5 3. g3 d6 4. Bg2 Nc6 5. Ne2 e6 6. O-O Be7 7. Nbc3 O-O 8. b3
Qc7 9. Bb2 Rb8 10. d4 cxd4 11. Nxd4 a6 12. Nce2 Bd7 13. Qd2 e5 14. Nc2 b5 15.
cxb5 Rxb5 16. Rac1 Qa5 17. Qxa5 Rxa5 18. a3 Rb5 19. b4 a5 20. a4 Rb6 21. b5 Nb4
22. Nxb4 axb4 23. f4 Ng4 24. Rc7 Rd8 25. Bc1 Kf8 26. Bd2 d5 27. Rb1 Bf5 28.
Bxb4 Bxb4 29. Rxb4 Nxe3 30. fxe5 Nc4 31. Nd4 Be6 32. Rb1 Rc8 33. Nxe6+ fxe6 34.
Rxc8+ Ke7 35. Rxc4 dxc4 36. Rc1 1-0

[Event "FSS KM A-klassen"]
[Site "?"]
[Date "2006.02.15"]
[Round "5"]
[White "Engebretsen, Terje Ulstrúp (FSS)"]
[Black "Nilsen, Per Hartvig (FSS)"]
[Result "1-0"]
[WhiteElo "1087"]
[BlackElo "1555"]
[PlyCount "85"]

1. e4 e5 2. Bc4 Nf6 3. d3 d5 4. exd5 Nxd5 5. Qh5 Nc6 6. Nf3 g6 7. Qg5 f6 8. Qh4
Be6 9. O-O Bg7 10. Bh6 Bxh6 11. Qxh6 Qd7 12. a3 O-O-O 13. b4 Nce7 14. Qd2 g5
15. a4 Nf4 16. Bxe6 Qxe6 17. Qe3 Qg4 18. Ne1 Nf5 19. Qf3 Qh4 20. g3 g4 21. Qxf4
exf4 22. gxh4 Nxh4 23. Ng2 Nf3+ 24. Kh1 h5 25. Nxf4 Rd4 26. Ng6 Re8 27. b5 Re2
28. Kg2 Rxc2 29. Na3 Re2 30. a5 f5 31. Rac1 Re6 32. b6 axb6 33. Nb5 Rb4 34.
Nxc7 Rxg6 35. Nd5+ Kd7 36. Nxb4 bxa5 37. Nd5 b5 38. Rc5 Nd4 39. Nf4 Rd6 40.
Nxh5 a4 41. Rfc1 b4 42. Rc7+ Ke6 43. Re1+ 1-0

[Event "FSS KM A-klassen"]
[Site "?"]
[Date "2006.02.15"]
[Round "5"]
[White "Belstad, Bjørn Erik (FSS)"]
[Black "Roer, Terje (FSS)"]
[Result "0-1"]
[WhiteElo "1372"]
[BlackElo "1386"]
[PlyCount "50"]

1. e4 c5 2. g3 Nc6 3. Bg2 d6 4. d3 g6 5. Nc3 Bg7 6. Nge2 a6 7. O-O Nf6 8. Be3
h5 9. h4 Ng4 10. Bg5 f6 11. Bd2 e6 12. Qc1 e5 13. Nd5 Be6 14. Nec3 Nd4 15. Re1
Nb5 16. f3 Nh6 17. a4 Nxc3 18. Nxc3 Nf7 19. Ne2 g5 20. Kh2 gxh4 21. gxh4 Bh6
22. Ng3 f5 23. Nxf5 Bxf5 24. exf5 Qxh4+ 25. Bh3 Qf2+ 0-1

[Event "FSS KM A-klassen"]
[Site "?"]
[Date "2006.03.08"]
[Round "7"]
[White "Engebretsen, Terje Ulstrúp (FSS)"]
[Black "Groot, Peter (FSS)"]
[Result "0-1"]
[WhiteElo "1087"]
[BlackElo "1499"]
[PlyCount "96"]

1. e4 b6 2. Bc4 e6 3. Nf3 Bb7 4. d3 Be7 5. b3 Nf6 6. Bb2 O-O 7. e5 Ng4 8. d4 f6
9. h3 Nh6 10. Bc1 Nf7 11. O-O fxe5 12. Nxe5 Nxe5 13. dxe5 Bc5 14. Qg4 Nc6 15.
Bh6 Rf7 16. Bf4 Bd4 17. c3 Bxe5 18. Bxe5 Nxe5 19. Qe2 Nxc4 20. Qxc4 a5 21. Qd3
Qf6 22. a4 Ba6 23. Qe4 d5 24. Qd4 Qxd4 25. cxd4 Bxf1 26. Kxf1 Raf8 27. Ra2 c5
28. dxc5 bxc5 29. f3 Rb7 30. Nd2 Rfb8 31. Rc2 c4 32. bxc4 Rb2 33. Rxb2 Rxb2 34.
Ke1 dxc4 35. Nxc4 Rxg2 36. Nxa5 Ra2 37. Nb3 Kf7 38. Nc5 Ke7 39. Kf1 Kd6 40.
Ne4+ Ke5 41. Nc3 Ra3 42. Nd1 Rxf3+ 43. Kg2 Ra3 44. Nf2 Rxa4 45. Kg3 Kf5 46. Ng4
Ra3+ 47. Kh4 g5+ 48. Kh5 Rxh3# 0-1

[Event "FSS KM A-klassen"]
[Site "?"]
[Date "2006.03.08"]
[Round "7"]
[White "Belstad, Bjørn Erik (FSS)"]
[Black "Fredriksen, Frank (FSS)"]
[Result "1-0"]
[WhiteElo "1372"]
[BlackElo "1327"]
[PlyCount "51"]

1. e4 e5 2. Nf3 Nc6 3. d4 exd4 4. Nxd4 Bc5 5. Nxc6 bxc6 6. Bc4 h6 7. Bxf7+ Kxf7
8. Qh5+ Kf8 9. Qxc5+ Ne7 10. b3 d6 11. Qe3 Ng6 12. Bb2 Be6 13. Nd2 Qe7 14. O-O
Ke8 15. Rae1 Rf8 16. f4 Bd7 17. Qg3 Qf7 18. f5 Ne5 19. Bxe5 dxe5 20. Qxe5+ Kd8
21. Qd4 Kc8 22. Nc4 Rd8 23. Ne5 Be8 24. Qxd8+ Kxd8 25. Nxf7+ Bxf7 26. e5 1-0

[Event "FSS KM A-klassen"]
[Site "?"]
[Date "2006.03.08"]
[Round "7"]
[White "Mordt, Camillo (FSS)"]
[Black "Olsen, Arvid (FSS)"]
[Result "1-0"]
[WhiteElo "1407"]
[BlackElo "1231"]
[PlyCount "147"]

1. c4 e5 2. Nc3 Nf6 3. Nf3 d6 4. e3 c5 5. Be2 Be7 6. d4 cxd4 7. exd4 exd4 8.
Nxd4 d5 9. O-O O-O 10. Bf4 Bc5 11. Nb3 Bd6 12. Bxd6 Qxd6 13. cxd5 Rd8 14. Bf3
Na6 15. Re1 b6 16. Qe2 Bb7 17. Rad1 Nc7 18. Qe7 Nfxd5 19. Qxd6 Rxd6 20. Re2
Nxc3 21. Rxd6 Nxe2+ 22. Bxe2 Ne6 23. Bc4 Rd8 24. Rxd8+ Nxd8 25. Nd4 a6 26. a4
g6 27. f3 Kg7 28. Kf2 Kf6 29. Ke3 Ne6 30. b4 Ke5 31. f4+ Kd6 32. g4 Nxd4 33.
Kxd4 f6 34. g5 fxg5 35. fxg5 a5 36. b5 Bc8 37. Bg8 Be6 38. Bxh7 Bf7 39. h4 Ke7
40. Ke5 Be8 41. h5 gxh5 42. g6 h4 43. g7 Bf7 44. g8=Q Bxg8 45. Bxg8 h3 46. Bd5
h2 47. Bc6 Kd8 48. Kf4 Kc7 49. Kg3 Kd6 50. Kxh2 Ke5 51. Bf3 Kd6 52. Kg3 Ke5 53.
Kf2 Kd4 54. Bd1 Kc5 55. Ke3 Kd5 56. Bb3+ Kc5 57. Kd3 Kb4 58. Bd1 Kc5 59. Kc3
Kd5 60. Be2 Kc5 61. Bc4 Kd6 62. Kd4 Kd7 63. Ke5 Ke7 64. Bd5 Kd7 65. Be6+ Kc7
66. Bf5 Kb7 67. Kd6 Kb8 68. Bd7 Kb7 69. Bc6+ Ka7 70. Bd5 Kb8 71. Be6 Kb7 72.
Kd7 Kb8 73. Kc6 Ka7 74. Kc7 1-0

[Event "FSS KM A-klassen"]
[Site "?"]
[Date "2006.03.08"]
[Round "8"]
[White "Groot, Peter (FSS)"]
[Black "Belstad, Bjørn Erik (FSS)"]
[Result "0-1"]
[WhiteElo "1499"]
[BlackElo "1372"]
[PlyCount "58"]

1. c4 e5 2. g3 Nf6 3. Bg2 Nc6 4. Nc3 Bc5 5. e3 O-O 6. Nge2 Re8 7. a3 a5 8. O-O
Ne7 9. d4 exd4 10. exd4 Ba7 11. b4 d5 12. c5 c6 13. Bg5 Ng6 14. b5 h6 15. Bf4
Nxf4 16. Nxf4 Bb8 17. Nd3 Bf5 18. bxc6 bxc6 19. Nb2 Qd7 20. Qa4 Bc7 21. Rfe1
Rab8 22. Rxe8+ Qxe8 23. Nc4 dxc4 24. Bxc6 Qe7 25. Qxc4 Rb2 26. Rc1 Rxf2 27.
Kxf2 Ng4+ 28. Kg1 Qe3+ 29. Kh1 Qxc1+ 0-1

[Event "FSS KM A-klassen"]
[Site "?"]
[Date "2006.04.12"]
[Round "8"]
[White "Fredriksen, Frank (FSS)"]
[Black "Roer, Terje (FSS)"]
[Result "0-1"]
[WhiteElo "1327"]
[BlackElo "1386"]
[PlyCount "78"]

1. e4 c5 2. Nf3 e6 3. d4 d5 4. e5 c4 5. a3 Nc6 6. Nc3 a6 7. Be3 b5 8. Be2 Bd7
9. O-O Nge7 10. Bg5 h6 11. Bh4 g5 12. Bg3 Nf5 13. Qd2 Qb6 14. Rfd1 Bg7 15. h3
Nxg3 16. fxg3 Nxe5 17. Nxe5 Bxe5 18. Qe3 f6 19. Kf2 (19. Qf2 $1 {og loperen pa
e5 faller. Sort overlever ikke 20.Qxf6 om loperen gar bort p.g.a. tarnet
henger pa h8 og hvit truer 21.Bh5+ med dod og fordervelse.}) 19... Bd6 20. Nxd5
Qd8 21. Bg4 Kf7 22. Bh5+ Kg7 23. Nc3 Qc7 24. Ne4 Be7 25. Nc5 Qd6 26. Qe4 f5 27.
Qe3 Bc8 28. Re1 Kf6 29. Rad1 Ra7 30. Qf3 Qd5 31. Qe3 Bd6 32. Bf3 Bxg3+ 33. Kf1
Qd6 34. Re2 Rc7 35. Bh5 Rxc5 36. dxc5 Qxd1+ 37. Re1 Qxe1+ 38. Qxe1 Bxe1 39.
Kxe1 Bb7 0-1

[Event "FSS KM A-klassen"]
[Site "?"]
[Date "2006.03.29"]
[Round "9"]
[White "Roer, Terje (FSS)"]
[Black "Groot, Peter (FSS)"]
[Result "1/2-1/2"]
[WhiteElo "1386"]
[BlackElo "1499"]
[PlyCount "73"]

1. Nf3 e6 2. d4 b6 3. Bf4 Bb7 4. c3 Be7 5. Nbd2 Nf6 6. e3 Nd5 7. Bg3 f5 8. Qb3
O-O 9. Be2 Nc6 10. Ne5 f4 11. Nxc6 Bxc6 12. exf4 Nxf4 13. Bxf4 Rxf4 14. f3 Bd6
15. O-O-O Qg5 16. Rdg1 Rf5 17. Qc2 Ra5 18. Kb1 Ba4 19. b3 Bb5 20. c4 Ba6 21.
Ne4 Qe3 22. Nxd6 cxd6 23. Qe4 Qxe4+ 24. fxe4 d5 25. exd5 exd5 26. Kb2 dxc4 27.
Bxc4+ Bxc4 28. bxc4 Rf5 29. Rf1 Raf8 30. Rxf5 Rxf5 31. Rc1 Kf7 32. Rc2 d6 33.
Kb3 Ke7 34. Re2+ Kd7 35. a4 g5 36. d5 a5 37. Kc3 1/2-1/2

[Event "FSS KM A-klassen"]
[Site "?"]
[Date "2006.03.29"]
[Round "9"]
[White "Nilsen, Per Hartvig (FSS)"]
[Black "Fredriksen, Frank (FSS)"]
[Result "1-0"]
[WhiteElo "1555"]
[BlackElo "1327"]
[PlyCount "65"]

1. e4 e5 2. Nf3 Nc6 3. Bc4 Bc5 4. b4 Bxb4 5. c3 Be7 6. d4 exd4 7. cxd4 Na5 8.
Bxf7+ Kxf7 9. Ne5+ Kf8 10. Qh5 Qe8 11. Qf5+ Nf6 12. Nf3 d5 13. Qf4 dxe4 14. Ne5
c5 15. d5 Kg8 16. Qd2 Bd6 17. Qxa5 Bxe5 18. Nc3 b6 19. Qa3 Bxc3+ 20. Qxc3 Nxd5
21. Qg3 Qg6 22. Qe5 Nb4 23. O-O Nd3 24. Qd5+ Qe6 25. Qxa8 h5 26. Qxa7 Rh7 27.
Rb1 g6 28. Qxb6 Qe8 29. Be3 c4 30. Bd4 Nf4 31. Rb2 Rb7 32. Qf6 Rxb2 33. Qg7#
1-0

[Event "FSS KM A-klassen"]
[Site "?"]
[Date "2006.04.05"]
[Round "10"]
[White "Groot, Peter (FSS)"]
[Black "Nilsen, Per Hartvig (FSS)"]
[Result "1/2-1/2"]
[WhiteElo "1499"]
[BlackElo "1555"]
[PlyCount "71"]

1. c4 e5 2. e3 Nf6 3. g3 Nc6 4. Bg2 Bc5 5. Ne2 d5 6. O-O dxc4 7. Qa4 Bd7 8.
Qxc4 Bb6 9. b3 O-O 10. Bb2 Re8 11. Na3 Be6 12. Qc1 e4 13. Bxf6 Qxf6 14. Bxe4
Bh3 15. Bg2 Bxg2 16. Kxg2 Ne5 17. f3 Nd3 18. Qc3 Qg6 19. Nc4 Rad8 20. Nxb6 Qxb6
21. Nd4 Ne5 22. Rac1 c6 23. f4 Ng4 24. Nf5 Nf6 25. d4 Nd5 26. Qd3 g6 27. Nh6+
Kg7 28. e4 Nb4 29. Qf3 Kxh6 30. f5 Qxd4 31. Rc4 Qd6 32. f6 Nd3 33. g4 Nf4+ 34.
Qxf4+ Qxf4 35. Rxf4 Kg5 36. Rf2 1/2-1/2

[Event "FSS KM B-klassen"]
[Site "?"]
[Date "2006.02.01"]
[Round "3"]
[White "Helgesen, Jack"]
[Black "Roer, Terje (FSS)"]
[Result "1-0"]
[WhiteElo "1142"]
[BlackElo "1386"]
[PlyCount "53"]

1. e4 c5 2. d3 Nc6 3. Nf3 d6 4. g3 Bg4 5. Bg2 g6 6. Be3 Bg7 7. c3 Qb6 8. Qc2
Bxf3 9. Bxf3 Qc7 10. Nd2 e6 11. O-O Nge7 12. a3 O-O 13. Rab1 a5 14. Rfd1 Rfc8
15. Bg2 b6 16. Nf3 Rab8 17. d4 cxd4 18. cxd4 Nxd4 19. Qxc7 Nxf3+ 20. Bxf3 Rxc7
21. Rxd6 Nc8 22. Rd8+ Bf8 23. Bh6 Na7 24. Rxb8 Rc8 25. Rxc8 Nxc8 26. Bxf8 Kxf8
27. Rc1 1-0

[Event "FSS KM B-klassen"]
[Site "?"]
[Date "2006.02.15"]
[Round "3"]
[White "Slang, Harry (FSS)"]
[Black "Zahl-Pettersen, Erik-Kristian (FSS)"]
[Result "1-0"]
[WhiteElo "1092"]
[BlackElo "1192"]
[PlyCount "109"]

1. e4 c5 2. Nf3 Nc6 3. d4 cxd4 4. Nxd4 e5 5. Nf3 d6 6. Nc3 h6 7. Be2 Nf6 8. h3
Be7 9. Be3 a6 10. O-O O-O 11. Nh2 Nh7 12. f4 exf4 13. Bxf4 Ng5 14. Bg4 Qb6+ 15.
Kh1 Bxg4 16. Nxg4 Qxb2 17. Nd5 Rfe8 18. Nc7 Nxe4 19. Nxa8 Rxa8 20. Rb1 Qxa2 21.
Rxb7 Rd8 22. Ne3 Bg5 23. Bxg5 Nxg5 24. Qd5 Qxd5 25. Nxd5 Ne4 26. Rfxf7 Ng3+ 27.
Kh2 Nh5 28. g4 Ne5 29. Rf5 Nf6 30. Nxf6+ gxf6 31. Rxf6 a5 32. Rf4 Ng6 33. Rf6
Ne5 34. Rxh6 Nf3+ 35. Kg3 Ne5 36. Rhh7 Rc8 37. Rbg7+ Kf8 38. Rh8+ Kxg7 39. Rxc8
Kg6 40. Ra8 Nc4 41. Ra6 Kh6 42. h4 Kg7 43. Kf4 Na3 44. Rxa5 Nxc2 45. Rd5 Ne1
46. Rxd6 Ng2+ 47. Kg5 Ne1 48. Rf6 Nd3 49. h5 Nc5 50. h6+ Kh7 51. Rf7+ Kh8 52.
Kg6 Ne6 53. h7 Nf4+ 54. Kh6 Ne6 55. g5 1-0

[Event "FSS KM B-klassen"]
[Site "?"]
[Date "2006.03.08"]
[Round "7"]
[White "Skaug, Thorbjørn (FSS)"]
[Black "Bossum, Petter T. (FSS)"]
[Result "1-0"]
[WhiteElo "1158"]
[BlackElo "811"]
[PlyCount "31"]

1. b4 e5 2. Bb2 d6 3. c4 Be6 4. e3 d5 5. cxd5 Bxd5 6. Bxe5 Nc6 7. Bc3 Nxb4 8.
Bxb4 Qg5 9. Nf3 Qf5 10. Bxf8 Kxf8 11. Nc3 Bc6 12. Nd4 Qc5 13. Nxc6 Qxc6 14. Qf3
Qb6 15. Bc4 Nf6 16. Ne4 1-0

[Event "FSS KM B-klassen"]
[Site "?"]
[Date "2006.04.12"]
[Round "8"]
[White "Haga, Morten (FSS)"]
[Black "Skaug, Thorbjørn (FSS)"]
[Result "0-1"]
[WhiteElo "959"]
[BlackElo "1158"]
[PlyCount "82"]

1. e4 e6 2. Nf3 a6 3. d4 b5 4. Bd2 Bb7 5. Bd3 Nf6 6. e5 Nd5 7. Be4 c5 8. dxc5
Bxc5 9. Bxd5 Bxd5 10. Nc3 Bb7 11. Bg5 Qb6 12. Qe2 d5 13. exd6 Bxd6 14. Rd1 O-O
15. Qd3 Bb4 16. O-O Nc6 17. Bh4 Be7 18. Ng5 Bxg5 19. Bxg5 Ne5 20. Qd4 Qc6 21.
f3 f6 22. Be3 Nc4 23. b3 Nxe3 24. Qxe3 Rfd8 25. Rfe1 e5 26. Rd2 Rxd2 27. Qxd2
Qb6+ 28. Qe3 Qxe3+ 29. Rxe3 Rd8 30. Re2 Kf7 31. Kf2 Bc8 32. b4 Be6 33. a4 bxa4
34. Nxa4 Bc4 35. Re3 Rd2+ 36. Kg3 Rxc2 37. Nb6 Bb5 38. Rb3 Rd2 39. Nc8 Bf1 40.
b5 axb5 41. Rxb5 Bxb5 0-1

[Event "FSS KM B-klassen"]
[Site "?"]
[Date "2006.04.12"]
[Round "10"]
[White "Midtgård, André"]
[Black "Slang, Harry (FSS)"]
[Result "1/2-1/2"]
[WhiteElo "860"]
[BlackElo "1092"]
[PlyCount "103"]

1. b3 e5 2. Bb2 Nc6 3. e3 Nf6 4. c4 b6 5. Nf3 d6 6. d3 Bb7 7. Be2 g6 8. Nbd2 a5
9. O-O Bg7 10. Bc3 O-O 11. a3 Re8 12. Qb1 Nd7 13. Qb2 Ne7 14. e4 f5 15. Ng5 Nc6
16. Ndf3 h6 17. Nh3 f4 18. Kh1 g5 19. Nhg1 g4 20. Nd2 Qg5 21. h3 h5 22. f3 g3
23. b4 axb4 24. Bxb4 Nxb4 25. axb4 Rxa1 26. Qxa1 Ra8 27. Qb2 c5 28. Qb3 Bc8 29.
Nb1 Qd8 30. Nc3 Bb7 31. Rb1 Ra6 32. Nd5 Bxd5 33. cxd5 Qa8 34. d4 Ra3 35. Qc2
cxd4 36. Qc7 Ra7 37. Qxd6 Kh7 38. Bb5 Nf8 39. Qxb6 Ra2 40. Bc4 Ra1 41. Rxa1
Qxa1 42. d6 Qc3 43. Qb5 Nd7 44. Ne2 Qe1+ 45. Ng1 Nf6 46. d7 Nxd7 47. Qxd7 Qxb4
48. Qf5+ Kh6 49. Qe6+ (49. Bf7 $1 Qd6 50. Qxh5#) 49... Kg5 50. Qf5+ Kh6 51. Qf7
Qf8 52. Qd5 1/2-1/2

[Event "FSS KM B-klassen"]
[Site "?"]
[Date "2006.04.05"]
[Round "10"]
[White "Skaug, Thorbjørn (FSS)"]
[Black "Zahl-Pettersen, Erik-Kristian (FSS)"]
[Result "1-0"]
[WhiteElo "1158"]
[BlackElo "1192"]
[PlyCount "129"]

1. b4 d5 2. Bb2 e6 3. e3 Nf6 4. b5 a6 5. a4 axb5 6. axb5 Rxa1 7. Bxa1 Bd7 8. c4
Be7 9. Nc3 c5 10. Nf3 Bd6 11. Be2 b6 12. O-O O-O 13. d3 Bc8 14. Bb2 Nbd7 15.
Qc2 h6 16. Ra1 Bb8 17. Nd2 Bb7 18. f4 d4 19. exd4 cxd4 20. Nce4 Nxe4 21. Nxe4
Bxf4 22. Bxd4 e5 23. Bf2 f5 24. Ng3 Bg5 25. Qd1 Be7 26. Bf3 Qc7 27. Bxb7 Qxb7
28. Qf3 Qc7 29. Qc6 Qd8 30. Rd1 Nc5 31. Qd5+ Kh7 32. Qxd8 Rxd8 33. Nxf5 Bf8 34.
Bxc5 Bxc5+ 35. Kh1 Bf2 36. Ng3 h5 37. Ne4 Bd4 38. Ng5+ Kg6 39. Ne6 Rd6 40. Nxd4
exd4 41. Kg1 Kf6 42. Kf2 g5 43. Ke2 Kf5 44. Rf1+ Kg4 45. Rf3 h4 46. h3+ Kh5 47.
Rf5 Kg6 48. Rf3 Kh5 49. Kd2 Re6 50. Rf2 g4 51. Rf5+ Kg6 52. hxg4 Re3 53. Rf3 $4
Re7 $4 (53... Rxf3 $1 54. gxf3 h3 $1 $19) 54. Rf4 Rd7 55. Re4 Rd6 56. Kc2 Kg5
57. Kb3 Rf6 58. Rxd4 Rf2 59. Re4 Rxg2 60. c5 bxc5 61. b6 h3 62. b7 h2 63. b8=Q
h1=Q 64. Qf4+ Kh4 65. Qh6+ 1-0

[Event "Klubbmesterskap KL.B"]
[Site "?"]
[Date "2006.02.22"]
[Round "2"]
[White "Terje Roer"]
[Black "Håkon Kristofersen"]
[Result "1/2-1/2"]
[WhiteElo "1390"]
[BlackElo "1526"]
[PlyCount "115"]
[EventDate "2006.02.09"]

1. Nf3 c6 2. d4 d5 3. c3 Nf6 4. Bf4 Bf5 5. Qb3 Qb6 6. Nbd2 Ne4 7. e3 h6 8. h3
Nd7 9. Nxe4 Bxe4 10. Nd2 Bh7 11. Be2 e6 12. O-O Be7 13. Rfc1 O-O {
C4 er nok best?} 14. Nf3 Bf6 15. Qxb6 axb6 16. a3 Rfe8 17. Ne5 Nf8 18. Ng4 Be7
19. Bc7 b5 20. Bg3 Bf5 21. Ne5 Bf6 22. Nf3 Ng6 23. Be5 Be7 24. Bg3 f6 25. Nh4
Nxh4 26. Bxh4 Bd6 27. f3 g5 28. Bf2 Kg7 29. g4 Bg6 30. Kg2 h5 31. Bg3 Bxg3 32.
Kxg3 e5 33. Kf2 exd4 34. cxd4 Re7 35. Re1 Rae8 36. Bf1 Rh8 37. Bg2 hxg4 38.
hxg4 f5 39. gxf5 Bxf5 40. Rh1 Rhe8 41. Rae1 b6 42. Bf1 Bg6 43. Bh3 c5 44. Bg4
c4 45. f4 Rf8 46. Kg3 Be4 47. Rh5 gxf4+ 48. exf4 Ref7 49. Rg5+ Kf6 50. Re5 Re7
51. Rxe7 Kxe7 52. Bf3 Rg8+ 53. Kf2 Ke6 54. Bxe4 dxe4 55. Rxe4+ Kd5 56. Re5+
Kxd4 57. Rxb5 Rg6 58. Kf3 1/2-1/2

[Event "Klubbmesterskap KL.B"]
[Site "?"]
[Date "2006.02.08"]
[Round "4"]
[White "Terje Roer"]
[Black "Terje Engebretsen"]
[Result "1/2-1/2"]
[WhiteElo "1390"]
[BlackElo "1090"]
[PlyCount "103"]
[EventDate "2006.02.09"]

1. Nf3 d5 2. d4 Bf5 3. c3 Nf6 4. Qb3 b6 5. Bf4 a6 6. e3 e6 7. Qa4+ Qd7 8. Qxd7+
Kxd7 9. Ne5+ Ke7 10. Nf3 Ra7 11. Nbd2 Nh5 12. Bg3 h6 13. Be2 Nxg3 14. hxg3 f6
15. Nh4 Bh7 16. Bh5 Nd7 17. Ng6+ Bxg6 18. Bxg6 f5 19. c4 Kf6 20. Bh5 c6 21. Bf3
Rc7 22. Rc1 Bd6 23. Nb3 a5 24. c5 bxc5 25. Nxc5 Nxc5 26. dxc5 Be5 27. Rc2 Rb7
28. b3 Rhb8 29. O-O g5 30. Be2 f4 31. g4 Bc7 32. Rc3 e5 33. Bd3 e4 34. Be2 Be5
35. Rc2 d4 36. exd4 Bxd4 37. Rc4 Rb4 38. Rfc1 Ke5 39. Kf1 Kd5 40. f3 {
30 sekunder igjen pa klokka} 40... e3 41. Bd3 Rxc4 42. Be4+ Ke5 43. Rxc4 Rb5
44. Bxc6 Rxc5 45. Ke2 Kd6 46. Be4 Rxc4 47. bxc4 Kc5 48. Bd5 Kb4 {her er eneste
riktige trekk og offere pa c5 for lopern kunne satt seg pa c5 som ville vart
tap} 49. Bf7 Ka3 50. c5 Bxc5 51. Bd5 Kb2 52. Be6 1/2-1/2

[Event "Klubbmesterskap KL.B"]
[Site "?"]
[Date "2006.03.08"]
[Round "7"]
[White "Terje Roer"]
[Black "Per H. Nilsen"]
[Result "1/2-1/2"]
[WhiteElo "1390"]
[BlackElo "1563"]
[PlyCount "66"]
[EventDate "2006.02.09"]

1. Nf3 Nc6 2. d4 d5 3. c3 Nf6 4. Bf4 e6 5. e3 a6 6. Bd3 g6 7. Nbd2 Bg7 8. Bg5
Ne7 9. Qa4+ Bd7 10. Qb3 b6 11. O-O O-O 12. Ne5 c5 13. Qa3 c4 14. Bc2 Bb5 15.
Rfe1 Re8 16. Bh4 Qc7 17. Bg3 Nh5 18. Nxg6 Nxg3 19. Nxe7+ Rxe7 20. hxg3 e5 21.
Bf5 Ree8 22. b4 Qd6 23. Qb2 e4 24. Nf1 Bd7 25. Bxd7 Qxd7 26. f4 Qg4 27. Qe2 f5
28. Qxg4 fxg4 29. a4 h5 30. Kf2 Kf7 31. Nd2 Kg6 32. Rh1 Rh8 33. a5 b5 1/2-1/2